MARC details
| 000 -LEADER |
| fixed length control field |
02240cam a2200325Ia 4500 |
| 001 - CONTROL NUMBER |
| control field |
captainslog16obl00petr |
| 003 - CONTROL NUMBER IDENTIFIER |
| control field |
CaSfIA |
| 005 - DATE AND TIME OF LATEST TRANSACTION |
| control field |
20230525154858.0 |
| 007 - PHYSICAL DESCRIPTION FIXED FIELD--GENERAL INFORMATION |
| fixed length control field |
cr|||| |
| 008 - FIXED-LENGTH DATA ELEMENTS--GENERAL INFORMATION |
| fixed length control field |
091023s2007 txua 000 0 eng d |
| 040 ## - CATALOGING SOURCE |
| Original cataloging agency |
NPS |
| Transcribing agency |
NPS |
| Modifying agency |
NPS |
| -- |
CaSfIA |
| 035 ## - SYSTEM CONTROL NUMBER |
| System control number |
(OCoLC)458576883 |
| 090 ## - LOCALLY ASSIGNED LC-TYPE CALL NUMBER (OCLC); LOCAL CALL NUMBER (RLIN) |
| Classification number (OCLC) (R) ; Classification number, CALL (RLIN) (NR) |
GV1469.6 |
| Local cutter number (OCLC) ; Book number/undivided call number, CALL (RLIN) |
.C37 2007 |
| 245 00 - TITLE STATEMENT |
| Title |
Captain's log #35 : |
| Medium |
[electronic resource] |
| Remainder of title |
duty, honor, empire / |
| Statement of responsibility, etc. |
edited by Steven P. Petrick ; proofreading, Jean Sexton. |
| 246 30 - VARYING FORM OF TITLE |
| Title proper/short title |
Captain's log no. 35. |
| 246 30 - VARYING FORM OF TITLE |
| Title proper/short title |
Captain's log number thirty-five. |
| 260 ## - PUBLICATION, DISTRIBUTION, ETC. |
| Place of publication, distribution, etc. |
Amarillo, Tex. : |
| Name of publisher, distributor, etc. |
Amarillo Design Bureau, |
| Date of publication, distribution, etc. |
2007 |
| 300 ## - PHYSICAL DESCRIPTION |
| Extent |
120 p. : |
| Other physical details |
ill. ; |
| Dimensions |
28 cm. |
| 505 10 - FORMATTED CONTENTS NOTE |
| Title |
History -- |
| -- |
Duty, honor, empire / |
| Statement of responsibility |
by Stephen V. Cole -- |
| Title |
Communications -- |
| -- |
Input guide : so you want to writh, eh? / |
| Statement of responsibility |
by Randy O. Green -- |
| Title |
Ask Admiral Growler / |
| Statement of responsibility |
by Mike Filsinger -- |
| Title |
Federation Commander -- |
| -- |
Federation Commander on line / |
| Statement of responsibility |
by Paul Franz -- |
| Title |
Federation Commander play by email / |
| Statement of responsibility |
by Frank Brooks -- |
| Title |
Power is life / |
| Statement of responsibility |
by Commodore Patrick J. Doyle -- |
| Title |
SFB scenarios -- |
| -- |
SFB database -- |
| -- |
SFB tactics -- |
| -- |
Patrol victory at Origins 2006 / |
| Statement of responsibility |
by Marcus J. Giegerich -- |
| Title |
Tactical primer : Bolosco / |
| Statement of responsibility |
by Dave Miller -- |
| Title |
Star Fleet venues -- |
| -- |
Star Fleet command : hidden entries / |
| Statement of responsibility |
by Gary Plana -- |
| Title |
Star Trek : legacy : a review / |
| Statement of responsibility |
by Jonathan Snyder -- |
| Title |
Star Fleet warlord / |
| Statement of responsibility |
by Paul Franz -- |
| Title |
Playing SFB by e-mail / |
| Statement of responsibility |
by Frank Brooks -- |
| Title |
Star Fleet Battles on-line / |
| Statement of responsibility |
by Paul Franz -- |
| Title |
Galactic conquest : swimming with sharks / |
| Statement of responsibility |
by Jean Sexton -- |
| Title |
Federation & empire / |
| Statement of responsibility |
Rules & rulings / |
| -- |
by Nick Blank -- |
| Title |
Scenario 6FS : firestorm / |
| Statement of responsibility |
by Lt. Colonel Charles G. Strong -- |
| Title |
Questions & answers / |
| Statement of responsibility |
by Nick Blank -- |
| Title |
Shipyard. |
| 630 00 - SUBJECT ADDED ENTRY--UNIFORM TITLE |
| Uniform title |
Star Trek. |
| 650 #0 - SUBJECT ADDED ENTRY--TOPICAL TERM |
| Topical term or geographic name entry element |
Fantasy games. |
| 650 #0 - SUBJECT ADDED ENTRY--TOPICAL TERM |
| Topical term or geographic name entry element |
Star fleet battles (Game). |
| 650 #0 - SUBJECT ADDED ENTRY--TOPICAL TERM |
| Topical term or geographic name entry element |
Federation commander (Game). |
| 650 #0 - SUBJECT ADDED ENTRY--TOPICAL TERM |
| Topical term or geographic name entry element |
Federation & empire (Game). |
| 700 1# - ADDED ENTRY--PERSONAL NAME |
| Personal name |
Petrick, Steven P. |
| 700 1# - ADDED ENTRY--PERSONAL NAME |
| Personal name |
Sexton, Jean. |
| Fuller form of name |
(Jean Elizabeth). |
| 710 2# - ADDED ENTRY--CORPORATE NAME |
| Corporate name or jurisdiction name as entry element |
Amarillo Design Bureau. |
| 856 41 - ELECTRONIC LOCATION AND ACCESS |
| Uniform Resource Identifier |
<a href="http://www.archive.org/details/captainslog16obl00petr">http://www.archive.org/details/captainslog16obl00petr</a> |
| Public note |
Free eBook from the Internet Archive |
| 856 42 - ELECTRONIC LOCATION AND ACCESS |
| Uniform Resource Identifier |
<a href="http://www.openlibrary.org/books/OL24586532M">http://www.openlibrary.org/books/OL24586532M</a> |
| Public note |
Additional information and access via Open Library |